LEADER 02045cas a2200469 a 4500
001 c000212697
003 CARM
005 20060120130001.0
008 780825d19561980dcufr f0 a0eng d
010 |a 79642666 
019 1 |a 1480504  |z 4112263  |5 LACONCORD2021 
022 0 |a 0501-915X 
035 |a (OCoLC)40367268  |5 LACONCORD2021 
040 |a LC  |b eng  |c LC 
042 |a lc  |a nsdp 
043 |a n-us--- 
050 0 0 |a HD9066.A1  |b U45 
074 |a 21-P 
082 0 4 |a 338.1/7/31805  |2 20 
086 0 |a A 105.20/4 
130 0 |a Rice situation (Washington, D.C.) 
210 0 |a Rice situat.  |b (Wash.) 
222 0 |a Rice situation  |b (Washington) 
245 0 0 |a Rice situation /  |c Agricultural Marketing Service, United States Department of Agriculture. 
260 |a [Washington] :  |b Agricultural Marketing Service,  |c 1956-1980. 
300 |a v. :  |b ill. ;  |c 26 cm. 
362 0 |a RS-1 (Mar. 1956)-RS-36 (Sept. 1980) 
500 |a Prior to Jan. 1978 issues were classified (Supt. of Docs.): A 93.11/3. 
510 2 |a Bibliography of agriculture,  |x 0006-1530 
550 |a 1962-1977 issued by: Economic Research Service; 1978- by Economics, Statistics, and Cooperative Service, U.S. Department of Agriculture. 
650 0 |a Rice trade  |x Statistics  |v Periodicals. 
650 0 |a Rice trade  |z United States  |x Statistics  |v Periodicals. 
710 1 |a United States.  |b Dept. of Agriculture.  |b Economic Research Service. 
710 1 |a United States.  |b Agricultural Marketing Service. 
710 1 |a United States.  |b Dept. of Agriculture.  |b Economics, Statistics, and Cooperative s Service. 
780 0 0 |t Rice situation (Washington)  |x 0501-915X 
785 0 0 |t Outlook & situation. Rice  |x 0277-5867 
852 8 |b CARM  |h A2:AN01C0  |i F00452  |p 0272530  |f SE 
866 0 |a RS-30(1977:10)-RS-36(1980:09) 
866 0 |a RS-30(1977:10)-RS-36(1980:09) 
999 f f |i 76ed06ff-c89c-55d0-8bf9-5d8d18901f9b  |s 9842314a-5f2e-5c55-b658-210572c3d068 
952 f f |p Can circulate  |a CAVAL  |b CAVAL  |c CAVAL  |d CARM 1 Store  |e F00452  |f A2:AN01C0  |h Other scheme  |i book  |k RS-30(1977:10)-RS-36(1980:09)  |m 0272530